000
00239nam a2200097Ia 4500
001
683478
005
20250826161439.0
008
250824s9999 xx 000 0 und d
245
0
_a
SEYİT ONBAŞI
_c
İBRAHİM ÜNSAL
260
_b
HAYAT YAYINLARI
999
_c
683478
_d
683478